00506cam a2200181 a 4500001000800000005001700008008004100025010001700066020001500083040001800098041000800116080001800124082002200142100000700164101000800171245008100179504006400260450983420180302052621.0980630s1998 iaua b 001 0 eng  a 98065393  a0787238848 aDLCcDLCdDLC aeng a428.40712 REA00a428.40712 REA2211 a25 aEDU10aContent area literacy :cJohn E. Readence, Thomas W. Bean, R. Scott Baldwin. aIncludes bibliographical references (p. 231-248) and index.